<?xml version="1.0" encoding="UTF-8"?>
<record
    xmlns:xsi="http://www.w3.org/2001/XMLSchema-instance"
    xsi:schemaLocation="http://www.loc.gov/MARC21/slim http://www.loc.gov/standards/marcxml/schema/MARC21slim.xsd"
    xmlns="http://www.loc.gov/MARC21/slim">

  <leader>02590nam a22002777a 4500</leader>
  <controlfield tag="005">20150915120121.0</controlfield>
  <datafield tag="010" ind1=" " ind2=" ">
    <subfield code="a">ENG-113912</subfield>
  </datafield>
  <datafield tag="020" ind1=" " ind2=" ">
    <subfield code="a">9788121512398</subfield>
    <subfield code="c">1795.00</subfield>
  </datafield>
  <datafield tag="035" ind1=" " ind2=" ">
    <subfield code="a">EN-97444</subfield>
  </datafield>
  <datafield tag="037" ind1=" " ind2=" ">
    <subfield code="b">DBAD/PUB</subfield>
  </datafield>
  <datafield tag="082" ind1=" " ind2=" ">
    <subfield code="a">270</subfield>
  </datafield>
  <datafield tag="245" ind1=" " ind2=" ">
    <subfield code="a">Islam in the world today :</subfield>
    <subfield code="c">edited by Werner Ende [and] Udo Steinbach </subfield>
    <subfield code="b">a handbook of politics, religion, culture, and society /</subfield>
  </datafield>
  <datafield tag="260" ind1=" " ind2=" ">
    <subfield code="a">New Delhi</subfield>
    <subfield code="b">Munshiram Manoharlal Publishers</subfield>
    <subfield code="c">2012</subfield>
  </datafield>
  <datafield tag="270" ind1=" " ind2=" ">
    <subfield code="a">PO Box 5715,  54 Rani Jhansi Road, </subfield>
    <subfield code="b">New Delhi</subfield>
    <subfield code="e">110055</subfield>
  </datafield>
  <datafield tag="300" ind1=" " ind2=" ">
    <subfield code="a">xviii,1114p. :</subfield>
    <subfield code="c">24cm(Hb)</subfield>
    <subfield code="b">ill.</subfield>
  </datafield>
  <datafield tag="500" ind1=" " ind2=" ">
    <subfield code="a"> Includes bibliographical references and indexes.</subfield>
  </datafield>
  <datafield tag="505" ind1=" " ind2=" ">
    <subfield code="a">World of Islam: a brief historical survey / Heribert Busse -- Sunni Islam / Bernd Radtke -- Shi&#x2019;i Islam / Werner Ende -- Revivalist movements in Islam from the eighteenth to the twentieth century and the role of Islam in modern history: anticolonialism and nationalism / Rudolph Peters -- Distribution of Muslims throughout the world: figures and information on the present situation / Peter Heine and Riem Spielhaus -- Intra-Islamic discussion on a modern economic and social system / Johannes Reissner -- Islamic economics in practice: interest-free financial management / Volker Nienhaus -- Developments in law / Hans-Georg Ebert -- Status of Islam and Islamic law in selected countries -- Islamic Diaspora: Europe and America -- Discussion within Islam on secularism, democracy, and human rights / Alexander Flores -- Situation of women in Islamic countries / Wiebke Walther -- Islamist groups and movements / Guid Steinberg and Jan-Peter Hartung -- Mystical brotherhoods and popular Islam / Frederick De Jong -- Sects and social groups / Werner Schmucker -- Islam and non-Islamic minorities / Johanna Pink -- International Islamic organizations / Johannes Reissner -- "Orientalistics" and Orientalism / Reinhard Schulze -- Islam and cultural self-assertion / Rotraud Wielandt -- Islam and local traditions / Olaf Schumanm and Lode Frank Brakel -- Is there an Islamic linguistic sphere? / Otto Jastrow -- Islam reflected in the contemporary literature of Muslim peoples / Johann Cristoph B&#xFC;rgell -- Contemporary painting and graphic art in the Islamic world / Peter Heine -- Contemporary "Islamic" architecture and representational art / Mohamed Scharabi</subfield>
  </datafield>
  <datafield tag="650" ind1=" " ind2=" ">
    <subfield code="a"> Islam</subfield>
    <subfield code="y">20th century.</subfield>
  </datafield>
  <datafield tag="650" ind1=" " ind2=" ">
    <subfield code="a"> Islam </subfield>
    <subfield code="y">21st century.</subfield>
  </datafield>
  <datafield tag="650" ind1=" " ind2=" ">
    <subfield code="a"> Islam</subfield>
    <subfield code="x">History.</subfield>
  </datafield>
  <datafield tag="650" ind1=" " ind2=" ">
    <subfield code="a"> Islam and state.</subfield>
  </datafield>
  <datafield tag="650" ind1=" " ind2=" ">
    <subfield code="a"> Islamic civilization.</subfield>
  </datafield>
  <datafield tag="700" ind1=" " ind2=" ">
    <subfield code="a">Ende, Werner</subfield>
  </datafield>
  <datafield tag="700" ind1=" " ind2=" ">
    <subfield code="a">Steinbach, Udo</subfield>
  </datafield>
  <datafield tag="942" ind1=" " ind2=" ">
    <subfield code="2">ddc</subfield>
    <subfield code="c">EN</subfield>
    <subfield code="m">ISL</subfield>
    <subfield code="h">270</subfield>
  </datafield>
  <datafield tag="999" ind1=" " ind2=" ">
    <subfield code="c">96490</subfield>
    <subfield code="d">96490</subfield>
  </datafield>
  <datafield tag="952" ind1=" " ind2=" ">
    <subfield code="0">0</subfield>
    <subfield code="1">0</subfield>
    <subfield code="4">0</subfield>
    <subfield code="7">1</subfield>
    <subfield code="8">NFIC</subfield>
    <subfield code="a">DBAD</subfield>
    <subfield code="b">DBAD</subfield>
    <subfield code="d">2015-08-26</subfield>
    <subfield code="e">DBAD/Pub.</subfield>
    <subfield code="g">1795.00</subfield>
    <subfield code="l">0</subfield>
    <subfield code="o">270 ISL</subfield>
    <subfield code="p">EN-97444</subfield>
    <subfield code="r">2015-08-26 00:00:00</subfield>
    <subfield code="t">1</subfield>
    <subfield code="v">1795.00</subfield>
    <subfield code="y">EN</subfield>
  </datafield>
</record>
